The cluster paradox (Record no. 121136)
[ view plain ]
| 000 -LEADER | |
|---|---|
| fixed length control field | 00687nas a22001817a 4500 |
| 001 - CONTROL NUMBER | |
| control field | L121136 |
| 007 - PHYSICAL DESCRIPTION FIXED FIELD--GENERAL INFORMATION | |
| fixed length control field | ta |
| 008 - FIXED-LENGTH DATA ELEMENTS--GENERAL INFORMATION | |
| fixed length control field | 191018b2019 ||||| |||| 00| 0 eng d |
| 041 ## - LANGUAGE CODE | |
| Language code of text/sound track or separate title | eng |
| 100 ## - MAIN ENTRY--PERSONAL NAME | |
| Personal author | Cox, Hugo |
| 245 ## - TITLE STATEMENT | |
| Title | The cluster paradox |
| 260 ## - PUBLICATION INFORMATION | |
| Date | 2019 |
| 490 ## - SERIES TITLE | |
| Series statement | Modus |
| Volume | October 2019, 20-26(7) |
| 520 ## - ABSTRACT | |
| Abstract | Looks at the phenomena of business clusters which bring together companies, people and skills in an area and examines what the best recipe is to make them happen. Includes research from the Economist Intelligence Unit on the best environment to enable businesses to flourish. |
| 650 ## - KEYWORDS | |
| Keywords | CLUSTERS |
| 651 ## - SUBJECT ADDED ENTRY--GEOGRAPHIC NAME | |
| Geographic name | United Kingdom |
| 690 ## - LOCAL SUBJECT ADDED ENTRY--TOPICAL TERM (OCLC, RLIN) | |
| 9 (RLIN) | 6227 |
| Topical term or geographic name as entry element | Commercial property |
| Withdrawn status | Lost status | Source of classification or shelving scheme | Damaged status | Not for loan | Home library | Current library | Shelving location | Date acquired | Total Checkouts | Date last seen | Price effective from | Koha item type |
|---|---|---|---|---|---|---|---|---|---|---|---|---|
| Dewey Decimal Classification | London | London | Gallery | 18/10/2019 | 18/10/2019 | 18/10/2019 | Journal article |